| 000 | 00473nam a2200169Ia 4500 | ||
|---|---|---|---|
| 005 | 20250923144512.0 | ||
| 008 | 008 250917s9999 xx 000 0 eng d | ||
| 037 | _aTextual | ||
| 040 |
_aDSWL _beng _cDSWL |
||
| 041 |
_aeng _2eng |
||
| 084 | _qDSWL | ||
| 245 | 0 |
_aProceedings april 17-23, 1948 _cby U.S. National Conference of Social Work |
|
| 260 |
_aNew York _b Columbia Univ Press _c1949 |
||
| 300 | _axviii,498p. | ||
| 942 | _cTEXL | ||
| 999 |
_c1439714 _d1439714 |
||